LATIHAN OBJEKTIF SPM SEJARAH (Record no. 61818)

000 -LEADER
fixed length control field 00442nam a22001817a 4500
003 - CONTROL NUMBER IDENTIFIER
control field MPLRDC
005 - DATE AND TIME OF LATEST TRANSACTION
control field 20220104182142.0
008 - FIXED-LENGTH DATA ELEMENTS--GENERAL INFORMATION
fixed length control field 210129b ||||| |||| 00| 0 eng d
020 ## - INTERNATIONAL STANDARD BOOK NUMBER
International Standard Book Number 983-74-0905-3
082 ## - DEWEY DECIMAL CLASSIFICATION NUMBER
Classification number 524.944 SHU 2000
100 ## - MAIN ENTRY--PERSONAL NAME
Personal name MAHDI SHUID
245 ## - TITLE STATEMENT
Title LATIHAN OBJEKTIF SPM SEJARAH
Statement of responsibility, etc.
250 ## - EDITION STATEMENT
Edition statement 6版
260 ## - PUBLICATION, DISTRIBUTION, ETC.
Place of publication, distribution, etc.
Name of publisher, distributor, etc. LONGMAN MALAYSIA
Date of publication, distribution, etc. 2000
300 ## - PHYSICAL DESCRIPTION
Other physical details
650 ## - SUBJECT ADDED ENTRY--TOPICAL TERM
Topical term or geographic name entry element 自修用书
942 ## - ADDED ENTRY ELEMENTS (KOHA)
Koha item type Book
-- 524.944 SHU 2000
Holdings
Withdrawn status Lost status Source of classification or shelving scheme Damaged status Not for loan Collection code Home library Current library Shelving location Date acquired Cost, normal purchase price Total Checkouts Full call number Barcode Date last seen Date last checked out Price effective from Koha item type Public note
            Malaysian Public Library, Research and Development Centre Malaysian Public Library, Research and Development Centre   10/12/2007 4.70   524.944 SHU 2000 M0002397 18/03/2021 02/10/2013 18/03/2021 Book mplrdc

© 2022. Malaysian Public Library, Research and Development Centre. All Right ReservedE-mailmplrdc@help.edu.my 

Powered by Koha